甘肃省地图点选 Gansu Click Map - Statistics

General Stats
  • This quiz has been taken 20 times
  • The average score is 13 of 14
Answers on the Map
Answers color-coded by a green-red scale on the quiz's map according to % correct below.
 
Answer Stats
Answer % Correct
兰州市
100%
嘉峪关市
100%
金昌市
93%
张掖市
93%
酒泉市
93%
陇南市
93%
甘南藏族自治州
93%
白银市
86%
武威市
86%
平凉市
86%
庆阳市
86%
定西市
86%
临夏回族自治州
86%
天水市
79%
No matching quizzes found
Score Distribution
Percent of People with Each Score
Percentile by Number Answered
Your Score History
You have not taken this quiz